000 00504nam a2200181Ia 4500
001 9159
005 20260306160703.0
008 260306t2011||||xx |||||||||||||| ||spa||
041 _aESP
082 _a373.2
_bV38
100 _aVázquez Fernández, Pilar
_eAUT
245 0 _aCompetencias básicas:
_bdesarrollo y evaluación en educación secundaria obligatoria: proyecto Azahara
260 _c2011
300 _a591 páginas :
_c24 cm.
650 _aGEN
654 _aCED
942 _cLIB
_dJUS
_fJUS
_2ddc
_n
999 _c9159
_d9159